Dramatúrgia finlandesa contemporània /
ISBN:
9788418857096
Descripción Física:
259 pàgines ; 22 cm
Colección:
Dramaticles. Antologies dramàtiques
; 9
Otros Autores:
Paavilainen, Anna
,
Turunen, Saara
,
Dadu, Noora
,
Sarkola, Milja
,
Karhu, E. L.
,
Junkkaala, Heini
,
Claret Pyrhönen, Emma
,
Laakso, Riikka
,
Lucini, Meritxell
,
Gutiérrez Ruiz, Luisa
,
Cabanas Colell, Martina
,
Herranz, Albert
,
Pascual, Laura (Pascual Antón)
,
Alsina Ferrer, Laia, 1988-
Idioma:
Catalán , Finnish
MARC
| LEADER | 00000aam a2200000 i 4500 | ||
|---|---|---|---|
| 001 | 25159 | ||
| 005 | 20260324180726.0 | ||
| 008 | 211130e202111 spc|||| ||||| 0|0 d cat|c | ||
| 017 | |a DL B16255-2021 |b Biblioteca de Catalunya | ||
| 020 | |a 9788418857096 | ||
| 020 | |a 9788498039931 | ||
| 040 | |a ES-BaIT |b cat |e rda |c ES-BaIT | ||
| 041 | |a cat |h fin | ||
| 080 | |a 894.541-2"20" | ||
| 245 | 0 | 0 | |a Dramatúrgia finlandesa contemporània / |c Anna Paavilainen, Saara Turunen, Noora Dadu, Milja Sarkola, E. L. Karhu, Heini Junkkaala |
| 250 | |a Primera edició | ||
| 264 | 1 | |a Barcelona : |b Institut del Teatre, Diputació de Barcelona: |b Comanegra, |c novembre del 2021 | |
| 300 | |a 259 pàgines ; |c 22 cm | ||
| 336 | |a text |b txt |2 rdacontent | ||
| 337 | |a sense mediació |b n |2 rdamedia | ||
| 338 | |a volum |b nc |2 rdacarrier | ||
| 490 | 1 | |a Drama-ticles. Antologies dramàtiques ; |v 9 | |
| 505 | 8 | |a Conté: Momentum de la pluralitat (pròleg) / Maria Säkö ; traducció: Emma Claret Pyrhönen -- Play rape / Anna Paavilainen ; traducció: Riikka Laakso i Meritxell Lucini -- El fantasma de la normalitat / Saara Turunen ; traducció: Luisa Gutiérrez Ruiz i Martina Cabanas Colell -- Fail. Representació fallida / Noora Dadu ; traducció: Emma Claret Pyrhönen -- Una altra cosa / Milja Sarkola ; traducció: Albert Herranz -- qualsevol de nosaltres. documental / E. L. Karhu ; traducció:Laura Pascual Antón i Laia Alsina Ferrer -- Mare Lesbiana / Heini Junkkaala ; traducció: Emma Claret Pyrhönen | |
| 546 | |a Títols originals: Play rape -- Tavallisuuden aave -- Fail, Virheellinen esitys -- Jotain Toista -- kuka tahansa meistä, dokumenttii -- Homoäti | ||
| 700 | 1 | 2 | |i Contenidor de (expressió): |a Paavilainen, Anna. |t Play rape. |l Català |
| 700 | 1 | 2 | |i Contenidor de (expressió): |a Turunen, Saara. |t Tavallisuuden aave. |l Català |
| 700 | 1 | 2 | |i Contenidor de (expressió): |a Dadu, Noora. |t Fail, Virheellinen esitys. |l Català |
| 700 | 1 | 2 | |i Contenidor de (expressió): |a Sarkola, Milja. |t Jotain Toista. |l Català |
| 700 | 1 | 2 | |i Contenidor de (expressió): |a Karhu, E. L. |t kuka tahansa meistä, dokumenttii. |l Català |
| 700 | 1 | 2 | |i Contenidor de (expressió): |a Junkkaala, Heini. |t Homoäti. |l Català |
| 700 | 1 | 2 | |a Claret Pyrhönen, Emma, |e traductor |
| 700 | 1 | 2 | |a Laakso, Riikka, |e traductor |9 56591 |
| 700 | 1 | 2 | |a Lucini, Meritxell, |e traductor |
| 700 | 1 | 2 | |a Gutiérrez Ruiz, Luisa, |e traductor |
| 700 | 1 | 2 | |a Cabanas Colell, Martina, |e traductor |
| 700 | 1 | 2 | |a Herranz, Albert, |e traductor |
| 700 | 1 | 2 | |a Pascual, Laura |q (Pascual Antón), |e traductor |
| 700 | 1 | 2 | |a Alsina Ferrer, Laia, |d 1988- |e traductor |
| 710 | 2 | |a Institut del Teatre (Barcelona, Catalunya) |9 52662 | |
| 830 | 0 | |a Dramaticles. |p Antologies dramàtiques ; |v 9 |9 53717 | |
| 908 | |a CDMAE | ||
| 940 | |a CDMAE | ||
| 942 | |2 udc |c ARXIU |n 1 | ||
| 952 | |0 0 |1 0 |2 udc |4 0 |6 BIB431 |7 1 |9 61000 |a Arxiu |b Arxiu |d 2022-02-14 |l 0 |o Bib-431 |p 25159 |r 2022-02-14 00:00:00 |w 2022-02-14 |y ARXIU | ||
| 999 | |c 81124 |d 81124 | ||